| 000 | 01216nam a2200241 4500 | ||
|---|---|---|---|
| 003 | CO-ViMGA | ||
| 008 | 160714s2009 ck g v|spa d | ||
| 040 |
_aCO-ViMGA _bspa _cCO-ViMGA |
||
| 082 | 0 | 4 |
_a324.22 _b221 |
| 245 | 1 | 0 |
_aPolítica y liderazgo / _cnarrators Thom Kikot, Leyna Juliet Weber. _h[videodisco digital] / |
| 250 | _aEditor Margaret Noble, Jonathan Moser, Daniel Landi. | ||
| 260 |
_aBogotá : _bDiscovery Communications : _bMS TV y Video, _c2009. |
||
| 300 |
_a1 DVD (ca. 60 min.) : _bsonido, color _e12 cm. |
||
| 490 | _aDiscovery en la escuela | ||
| 500 | _aDolby Digital. | ||
| 500 | _aGrados 4-5, 6-8. | ||
| 500 | _aMultizona. | ||
| 520 | _aLa influencia de "El príncipe" de Maquiavelo en la forma en que un líder de gobernar, las grandes conquistas de Alejandro Magno; los habitantes y el terrible invierno ruso derrotan a Napoleón y la influencia de la ilustración de la revolución y declaración de independencia de los Estados Unidos. | ||
| 650 | 1 | 4 |
_aAdministración pública _vDocumentales _vVideodiscos digitales. _912530 |
| 650 | 1 | 4 |
_aCiencia política _vDocumentales _vVideodiscos digitales. _912528 |
| 650 | 1 | 4 |
_aLiderazgo político _vDocumentales _vVideodiscos digitales. _912529 |
| 942 |
_2ddc _cCD |
||
| 999 |
_c37013 _d37013 |
||